<?xml version="1.0" encoding="UTF-8"?>
<record
    xmlns:xsi="http://www.w3.org/2001/XMLSchema-instance"
    xsi:schemaLocation="http://www.loc.gov/MARC21/slim http://www.loc.gov/standards/marcxml/schema/MARC21slim.xsd"
    xmlns="http://www.loc.gov/MARC21/slim">

  <leader>00720nam a22001697a 4500</leader>
  <controlfield tag="008">110913s1995    ua|||||r|||| 00| 0 ara d</controlfield>
  <datafield tag="020" ind1=" " ind2=" ">
    <subfield code="a">9770083100</subfield>
  </datafield>
  <datafield tag="082" ind1=" " ind2=" ">
    <subfield code="2">22</subfield>
    <subfield code="a">364.16</subfield>
    <subfield code="b">&#x634; &#x648; &#x643;</subfield>
  </datafield>
  <datafield tag="100" ind1=" " ind2=" ">
    <subfield code="9">27162</subfield>
    <subfield code="a">&#x634;&#x648;&#x643;&#x62A; &#x60C; &#x635;&#x627;&#x628;&#x631;</subfield>
  </datafield>
  <datafield tag="245" ind1=" " ind2=" ">
    <subfield code="a">/&#x62C;&#x631;&#x627;&#x626;&#x645; &#x642;&#x627;&#x647;&#x631; &#x627;&#x644;&#x639;&#x641;&#x627;&#x631;&#x64A;&#x62A; :&#x627;&#x644;&#x634;&#x64A;&#x637;&#x627;&#x646; &#x627;&#x644;&#x630;&#x64A; &#x623;&#x62E;&#x631;&#x62C;&#x62A;&#x647; &#x645;&#x646; &#x627;&#x644;&#x642;&#x645;&#x642;&#x645;</subfield>
    <subfield code="c">&#x635;&#x627;&#x628;&#x631; &#x634;&#x648;&#x643;&#x62A;</subfield>
  </datafield>
  <datafield tag="260" ind1=" " ind2=" ">
    <subfield code="a">&#x627;&#x644;&#x642;&#x627;&#x647;&#x631;&#x629; :</subfield>
    <subfield code="b">&#x62F;&#x627;&#x631; &#x627;&#x644;&#x62C;&#x646;&#x62A;&#x644;&#x60C; 1995</subfield>
    <subfield code="c">1995</subfield>
  </datafield>
  <datafield tag="300" ind1=" " ind2=" ">
    <subfield code="a">284 &#x635; :</subfield>
    <subfield code="b">&#x635;&#x648;&#x631; &#x60C; </subfield>
    <subfield code="c">24 &#x633;&#x645;</subfield>
  </datafield>
  <datafield tag="650" ind1=" " ind2=" ">
    <subfield code="9">27164</subfield>
    <subfield code="a">&#x62C;&#x631;&#x627;&#x626;&#x645; &#x627;&#x644;&#x627;&#x62D;&#x62A;&#x64A;&#x627;&#x644; &#x648;&#x627;&#x644;&#x646;&#x635;&#x628;</subfield>
  </datafield>
  <datafield tag="653" ind1=" " ind2=" ">
    <subfield code="b">General</subfield>
  </datafield>
  <datafield tag="942" ind1=" " ind2=" ">
    <subfield code="2">ddc</subfield>
    <subfield code="c">BB</subfield>
  </datafield>
  <datafield tag="999" ind1=" " ind2=" ">
    <subfield code="c">16019</subfield>
    <subfield code="d">16019</subfield>
  </datafield>
  <datafield tag="952" ind1=" " ind2=" ">
    <subfield code="0">0</subfield>
    <subfield code="1">0</subfield>
    <subfield code="2">ddc</subfield>
    <subfield code="4">0</subfield>
    <subfield code="7">0</subfield>
    <subfield code="8">Alef-Baa</subfield>
    <subfield code="a">MAIN</subfield>
    <subfield code="b">MAIN</subfield>
    <subfield code="c">1ST</subfield>
    <subfield code="d">2011-09-13</subfield>
    <subfield code="e">purchase</subfield>
    <subfield code="o">364.16 &#x634; &#x648; &#x643;</subfield>
    <subfield code="p">000024725</subfield>
    <subfield code="r">2025-07-15 00:00:00</subfield>
    <subfield code="s">2020-11-01</subfield>
    <subfield code="y">BB</subfield>
  </datafield>
</record>
